00483nam a2200193Ia 4500003000400000005001700004008004000021020001800061040000700079041001200086082001500098100001600113245005000129250000700179260004500186300001600231650002500247700001700272OSt20250702165956.0210210b2002 xxu||||| |||| 00| 0 eng d a0 19 563054 8 cAL aEnglish a428.2 INTE aInthira S R aEnrich your english : Academic skills Book-II a10 aNew DelhibOxford Universtiy Pressc2002 axviii,153p. aCommunication Skills aSaraswathi V